Derecho tributario (Registro nro. 8485)

Detalles MARC
000 -LEADER
fixed length control field 00759nas a2200241 454500
001 - CONTROL NUMBER
control field 16058
005 - DATE AND TIME OF LATEST TRANSACTION
control field 20260407193505.0
008 - FIXED-LENGTH DATA ELEMENTS--GENERAL INFORMATION
fixed length control field 260407s1991####ag###########|||spa#d
003 - CONTROL NUMBER IDENTIFIER
control field AR-UNSa-BCEJYS
040 ## - CATALOGING SOURCE
Original cataloging agency AR-UNSa-BCEJYS
Language of cataloging spa
Transcribing agency AR-UNSa-BCEJYS
080 ## - UNIVERSAL DECIMAL CLASSIFICATION NUMBER
Universal Decimal Classification number 336.2
Common auxiliary subdivision Ingresos públicos (Derecho tributario)
041 ## - LANGUAGE CODE
Language code of text/sound track or separate title spa
100 1# - MAIN ENTRY--PERSONAL NAME
Personal name Atchabahian, Adolfo
245 10 - TITLE STATEMENT
Title Derecho tributario
264 #1 - PRODUCTION, PUBLICATION, DISTRIBUTION, MANUFACTURE, AND COPYRIGHT NOTICE
Place of production, publication, distribution, manufacture Buenos Aires :
Name of producer, publisher, distributor, manufacturer Ediciones Interoceánicas
Date of production, publication, distribution, manufacture, or copyright notice 1991
310 ## - CURRENT PUBLICATION FREQUENCY
Current publication frequency Frecuencia: Mensual
590 ## - LOCAL NOTE (RLIN)
Local note niveau_biblio:s niveau_hierar:1
650 ## - SUBJECT ADDED ENTRY--TOPICAL TERM
Topical term or geographic name entry element Hacienda pública
650 ## - SUBJECT ADDED ENTRY--TOPICAL TERM
Topical term or geographic name entry element Tributación
650 ## - SUBJECT ADDED ENTRY--TOPICAL TERM
Topical term or geographic name entry element IMPUESTOS
856 41 - ELECTRONIC LOCATION AND ACCESS
Uniform Resource Identifier <a href="https://biblioeco.unsa.edu.ar/pmb/images/revistas/Derecho Tributario.jpg">https://biblioeco.unsa.edu.ar/pmb/images/revistas/Derecho Tributario.jpg</a>
Link text Imagen de portada
Electronic format type image/jpeg
942 ## - ADDED ENTRY ELEMENTS (KOHA)
Koha item type
Existencias
Withdrawn status Lost status Damaged status Not for loan Home library Current library Shelving location Date acquired Serial enumeration / chronology Total checkouts Full call number Barcode Date last seen Price effective from Koha item type
        Biblioteca Prof. Eusebio Cleto del Rey Biblioteca Prof. Eusebio Cleto del Rey   01/07/1991 Tomo III, Nº 13 - jul. 1991   H336.2 DER 13 R08184 10/04/2026 10/04/2026 Numero
        Biblioteca Prof. Eusebio Cleto del Rey Biblioteca Prof. Eusebio Cleto del Rey   01/06/1991 Tomo II, Nº 12 - jun. 1991   H336.2 DER 12 R08183 10/04/2026 10/04/2026 Numero
        Biblioteca Prof. Eusebio Cleto del Rey Biblioteca Prof. Eusebio Cleto del Rey   01/05/1991 Tomo II, Nº 11 - mayo 1991   H336.2 DER 11 R08182 10/04/2026 10/04/2026 Numero
        Biblioteca Prof. Eusebio Cleto del Rey Biblioteca Prof. Eusebio Cleto del Rey   01/04/1991 Tomo II, Nº 10 - abr. 1991   H336.2 DER 10 R08181 10/04/2026 10/04/2026 Numero
        Biblioteca Prof. Eusebio Cleto del Rey Biblioteca Prof. Eusebio Cleto del Rey   01/03/1991 Tomo II, Nº 9 - mar. 1991   H336.2 DER 9 R08179 10/04/2026 10/04/2026 Numero
        Biblioteca Prof. Eusebio Cleto del Rey Biblioteca Prof. Eusebio Cleto del Rey   01/03/1991 Tomo II, Nº 9 - mar. 1991   H336.2 DER 9 Ej.2 R08180 10/04/2026 10/04/2026 Numero
        Biblioteca Prof. Eusebio Cleto del Rey Biblioteca Prof. Eusebio Cleto del Rey   01/02/1991 Tomo II, Nº 8 - feb. 1991   H336.2 DER 8 R08178 10/04/2026 10/04/2026 Numero
        Biblioteca Prof. Eusebio Cleto del Rey Biblioteca Prof. Eusebio Cleto del Rey   01/01/1991 Tomo II, Nº 7 - ene. 1991   H336.2 DER 7 R08174 10/04/2026 10/04/2026 Numero